|
|
|
|
| LEADER |
00000nam2a2200000 4500 |
| 001 |
103870 |
| 005 |
20231031113804.0 |
| 010 |
|
|
|a 5953310463
|
| 035 |
|
|
|a (RuTPU)RU\TPU\book\111974
|
| 090 |
|
|
|a 103870
|
| 100 |
|
|
|a 20061023d2005 m y0rusy50 ca
|
| 101 |
0 |
|
|a rus
|
| 102 |
|
|
|a RU
|
| 105 |
|
|
|a y z 000ad
|
| 200 |
0 |
|
|a Кн. 2: Его Таврида
|
| 210 |
|
|
|d 2005
|
| 215 |
|
|
|a 576 с.
|
| 330 |
|
|
|a Роман «Фаворит» — один из самых известных и популярных романов Валентина Пикуля. В нем дано широкое полотно жизни России второй половины XVIII века.
|
| 461 |
|
1 |
|0 (RuTPU)RU\TPU\book\125161
|t Фаворит
|o роман-хроника
|o в. 2 т.
|f В. С. Пикуль
|v Кн. 2: Его Таврида
|d 2005
|
| 600 |
|
0 |
|a Екатерина Великая
|d II
|f 1729-1796
|c российская императрица (1762-1796)
|c урожденная принцесса Софья Фредерика Августа Анхельт-Цербстская
|2 stltpush
|3 (RuTPU)RU\TPU\pers\98
|
| 600 |
|
1 |
|a Потемкин-Таврический
|g Григорий Александрович
|b Г. А.
|c российский государственный и военный деятель
|c генерал-фельдмаршал
|f 1739-1791
|2 stltpush
|3 (RuTPU)RU\TPU\pers\257
|
| 610 |
1 |
|
|a русская литература
|
| 610 |
1 |
|
|a исторические романы
|
| 610 |
1 |
|
|a хроники
|
| 610 |
1 |
|
|a Россия
|
| 610 |
1 |
|
|a 18 век
|
| 675 |
|
|
|a Р2
|v 3
|
| 801 |
|
1 |
|a RU
|b 63413507
|c 20061023
|g PSBO
|
| 801 |
|
2 |
|a RU
|b 63413507
|c 20180516
|g PSBO
|
| 942 |
|
|
|c BK
|
| 959 |
|
|
|a 89/20061012
|d 1
|e 268,07
|f ХФ:1
|